Pohľad slovenského spotrebiteľa na elektromobilitu

Elektromobilita, súčasný stav a trendy. Prehľad celkových nákladov vlastníctva podľa typu automobilu. Porovnanie nástrojov podpory elektromobility v Európe. Pohľad slovenského spotrebiteľa.

Salvato in:
Dettagli Bibliografici
Autore principale: Orgonáš, Jozef, 1957-
Natura: Capitolo di libro
Lingua:slovacco
Soggetti:
Tags: Aggiungi Tag
Nessun Tag, puoi essere il primo ad aggiungerne!!

MARC

LEADER 00000naa$a2200000$$$4500
001 0271362
005 20240502074252.9
041 0 |a slo 
044 |a SK 
245 1 0 |a Pohľad slovenského spotrebiteľa na elektromobilitu  |c Jozef Orgonáš 
520 |a Elektromobilita, súčasný stav a trendy. Prehľad celkových nákladov vlastníctva podľa typu automobilu. Porovnanie nástrojov podpory elektromobility v Európe. Pohľad slovenského spotrebiteľa. 
610 2 0 |a elektromobily 
610 2 0 |a náklady 
610 2 0 |a priemysel automobilový 
610 2 0 |a spotrebitelia 
100 1 |a Orgonáš, Jozef, 1957-